[Event "10th Sharjah Cup Women 2020"]
[Site "Sharjah"]
[Date "2020.01.09"]
[Round "7.1"]
[White "Bulmaga, Irina"]
[Black "Sukandar, Irine Kharisma"]
[Result "1/2-1/2"]
[WhiteElo "2446"]
[BlackElo "2402"]
[Annotator "TA"]
[PlyCount "37"]
[EventDate "2020.01.04"]
[EventType "swiss"]
[EventCountry "UAE"]
[SourceTitle "playchess.com"]
[Source "ChessBase"]
[SourceQuality "1"]

{[%evp 16,17,39,37]} 1. e4 c5 2. Nf3 Nc6 3. d4 cxd4 4. Nxd4 g6 5. c4 Nf6 6. Nc3 d6 7. Be2 Nxd4 8. Qxd4 Bg7 9. Bg5 {Predecessor:} O-O $146 10. Qd2 a5 11. O-O a4 12. f3 Be6 13. Rfc1 Qa5 14. Rab1 Rfc8 15. b4 axb3 16. axb3 Qb4 17. Rc2 Ra3 18. Nb5 Qxd2 19. Rxd2 {0-1 (65) Shimanov,A (2614)-Gabuzyan,H (2613) Chicago 2019} 1/2-1/2

[Event "10th Sharjah Cup Women 2020"]
[Site "Sharjah"]
[Date "2020.01.09"]
[Round "7.2"]
[White "Socko, Monika"]
[Black "Dordzhieva, Dinara"]
[Result "1/2-1/2"]
[WhiteElo "2413"]
[BlackElo "2326"]
[Annotator "TA"]
[PlyCount "74"]
[EventDate "2020.01.04"]
[EventType "swiss"]
[EventCountry "UAE"]
[SourceTitle "playchess.com"]
[Source "ChessBase"]
[SourceQuality "1"]

{[%evp 22,74,18,23,32,27,26,31,29,11,16,6,31,-8,-7,-7,-8,-9,0,0,0,0,0,0,0,0,0,0,0,0,17,-4,-4,-4,-4,-5,-4,-14,-4,-12,0,0,0,0,0,0,0,0,0,0,0,-33,15,0,16]} 1. e4 c5 2. Nf3 d6 3. Bb5+ Bd7 4. Bxd7+ Qxd7 5. O-O Nc6 6. c3 Nf6 7. Qe2 e6 8. d4 cxd4 9. cxd4 d5 10. e5 Ne4 11. Be3 Be7 12. Ne1 {[#] Black must now prevent f3.} f5 {B52: Sicilian: Moscow Variation with 3...Bd7} 13. Nd3 O-O 14. f3 Ng5 {White is slightly better.} 15. Nd2 Rac8 16. Rac1 b6 {[#]} 17. Bxg5 $146 ({Predecessor:} 17. Rc3 Na5 18. Rfc1 Rxc3 19. Rxc3 Rc8 20. Rxc8+ Qxc8 21. Qd1 Nf7 {0-1 (40) Rabiega,R (2521)-Ftacnik,L (2598) Dresden 2003}) 17... Bxg5 18. f4 Be7 ({Not} 18... Nxd4 $2 19. Qf2 $18) 19. Nf3 Na5 20. Rxc8 Rxc8 21. Rc1 Rxc1+ 22. Nxc1 Qc6 23. Qd2 Qc4 24. b3 Qb5 25. Qc3 Qc6 26. Ne2 (26. Qb2 {is interesting.} Qd7 27. h3 Nc6 28. Kf2 a5 29. Nd3) 26... Qxc3 27. Nxc3 $11 {[%mdl 4096] Endgame KBN-KNN} Nc6 28. Kf2 h6 29. h3 Kf7 30. Ke3 g6 31. Nb5 Ke8 32. Nc3 Ba3 33. Kd2 Be7 34. Ke3 Ba3 35. Kd2 Be7 36. g4 h5 37. g5 Bf8 {Accuracy: White = 55%, Black = 44%.} 1/2-1/2

[Event "10th Sharjah Cup Women 2020"]
[Site "Sharjah"]
[Date "2020.01.09"]
[Round "7.3"]
[White "Zimina, Olga"]
[Black "Heinemann, Josefine"]
[Result "1/2-1/2"]
[WhiteElo "2367"]
[BlackElo "2317"]
[Annotator "TA"]
[PlyCount "47"]
[EventDate "2020.01.04"]
[EventType "swiss"]
[EventCountry "UAE"]
[SourceTitle "playchess.com"]
[Source "ChessBase"]
[SourceQuality "1"]

{[%evp 9,47,2,5,7,14,18,18,19,8,0,0,0,0,-11,-18,-25,1,-28,-15,-29,-14,-23,-22,-14,-27,-26,22,20,47,52,44,11,33,46,44,7,0,-57,-48,-85]} 1. d4 Nf6 2. c4 g6 3. g3 c6 4. Bg2 d5 5. Qa4 Nfd7 6. cxd5 {D71: Fianchetto Grünfeld: 3 g3 d5 sidelines and 5 cxd5 (without Nf3)} Nb6 {[%mdl 64] [#] Double Attack} 7. Qd1 cxd5 8. Nc3 {[%cal Bb1c3,Bc3e4,Be4c5,Bc5a6][%mdl 32] The position is equal.} Nc6 9. e3 Bf5 10. Nge2 Nb4 {[#] Strongly threatening ...Bc2.} 11. e4 $146 ({Predecessor:} 11. O-O Bc2 12. Qe1 Bf5 13. Qd1 Bc2 14. Qe1 Bf5 15. Qd1 {½-½ (15) Vidit,S (2669)-Van Wely,L (2674) Baku 2016}) 11... dxe4 12. Nxe4 Bg7 13. Qb3 Nc6 {[%cal Bb4c6,Bc6a5,Ba5c4][%mdl 32]} 14. Be3 O-O {[%cal Rg7d4]} ({Of course not} 14... Bxd4 $6 15. Rd1 $14) 15. O-O Na5 16. Qb5 Nac4 17. Nc5 Nd6 18. Qb3 Rb8 19. Rac1 Nd7 20. Nc3 ({Don't play} 20. Nxb7 Nxb7 21. Bxb7 Be4 $17) 20... b6 21. Na6 Rc8 22. Nd5 Nf6 23. Ndc7 (23. Nxf6+ $11 Bxf6 24. Nb4) 23... Be4 $15 24. Bh3 {Accuracy: White = 57%, Black = 68%.} 1/2-1/2

[Event "10th Sharjah Cup Women 2020"]
[Site "Sharjah"]
[Date "2020.01.09"]
[Round "7.4"]
[White "Assaubayeva, Bibisara"]
[Black "Rapport, Jovana"]
[Result "1/2-1/2"]
[WhiteElo "2375"]
[BlackElo "2333"]
[Annotator "TA"]
[PlyCount "133"]
[EventDate "2020.01.04"]
[EventType "swiss"]
[EventCountry "UAE"]
[SourceTitle "playchess.com"]
[Source "ChessBase"]
[SourceQuality "1"]

{[%evp 14,133,33,23,42,37,67,25,35,-15,-6,-6,-11,-12,-8,-29,-18,-18,-8,-18,-3,-27,-22,-35,-3,-2,0,0,4,0,0,0,0,0,0,0,0,0,0,0,42,20,25,3,21,25,25,29,106,117,139,144,121,85,85,92,85,85,79,77,85,81,78,74,83,74,72,72,71,58,85,62,85,66,85,85,85,85,85,85,85,85,85,85,85,85,85,0,85,85,85,85,121,121,166,85,85,0,151,0,85,85,85,65,65,65,65,65,65,65,65,65,65,0,65,65,65,65,65,65,65,65]} 1. c4 e6 2. Nc3 d5 3. d4 Nf6 4. cxd5 exd5 5. Bg5 c6 6. e3 Qb6 7. Qc2 Ne4 8. Bf4 Bf5 {D35: Queen's Gambit Declined: Exchange Variation} 9. Bd3 $1 Qa5 $146 {With the idea ...Na6.} ({Predecessor:} 9... Na6 10. a3 Qa5 11. Ra2 Nxc3 12. bxc3 Bxd3 13. Qxd3 Be7 14. Nf3 Nc7 15. O-O O-O 16. a4 {1-0 (33) Cruz,C (2562)-Barria Zuniga,D (2361) Arica 2019}) 10. Nge2 (10. f3 $5 {[%cal Rf3e4]} Nxc3 11. Bxf5 Nb5+ 12. Kf2 $14) 10... Na6 {[%cal Bb8a6,Ba6b4,Bb4d3][%mdl 32] Threatens to win with ...Nb4.White has an edge.} 11. Bxe4 (11. Qd1 {is interesting.} Nc7 12. O-O Nxc3 13. bxc3 Bxd3 14. Qxd3 Qa6 15. Qxa6 Nxa6 16. a4) 11... Bxe4 12. Qb3 $132 {[%mdl 2048] White has counterplay} Qb4 13. Qxb4 Nxb4 14. O-O Bg6 15. Bg3 Nd3 16. Rab1 a5 17. a3 b5 {[%cal Bb7b5,Bb5b4][%mdl 32]} 18. Rfd1 b4 19. Na4 Ra7 20. Ra1 Be7 21. Nc1 Nxf2 22. Kxf2 {Nc5 is the strong threat.} Bc2 {[%mdl 64] Double Attack} 23. Rh1 {And now Nc5 would win.} Bxa4 24. axb4 Bb5 25. bxa5 O-O 26. Kf3 Bc4 27. b3 Ba6 28. Ne2 Bd3 29. Rhc1 Be4+ 30. Kf2 Ra6 (30... Rc8 $1 $11 {keeps the balance.}) 31. Bc7 $16 Bd3 32. Bb6 $1 Rc8 33. Bc5 Bg5 34. Rc3 Bb5 35. Ng1 Re8 36. Nf3 Bd8 37. b4 Bc7 38. Re1 f5 39. g3 g6 40. Nd2 Kf7 41. Nb1 h5 42. Nd2 Kf6 43. Nf3 Raa8 44. h4 Ra6 45. Rec1 Rc8 46. Ne1 Re8 47. Nc2 Kf7 48. Na3 Ba4 49. Rb1 Rb8 50. Rbc1 Re8 $1 51. Nb1 Bb5 52. Ra3 Ke6 53. Nc3 Bc4 {[#]} 54. Na4 (54. e4 $1 $18) 54... Bb5 55. Nc3 (55. Rb1 $142) 55... Bc4 {[#]} 56. Na4 (56. e4 $142 $1) 56... Bb5 $1 57. Bb6 Bd6 58. Nc5+ Bxc5 $1 59. Rxc5 Kd7 60. Rac3 {Hoping for Rxb5!} Ba4 61. Rc1 Re6 62. R5c3 Bb5 63. Rc5 Ba4 $1 64. Ra1 {White is slightly better.} Bb5 65. Kf3 Ra8 66. Rac1 Ba4 67. R5c3 {Accuracy: White = 49%, Black = 64%.} 1/2-1/2

[Event "10th Sharjah Cup Women 2020"]
[Site "Sharjah"]
[Date "2020.01.09"]
[Round "7.5"]
[White "Li, Xueyi"]
[Black "Asatryan, Sona"]
[Result "1-0"]
[WhiteElo "2307"]
[BlackElo "2085"]
[Annotator "TA"]
[PlyCount "131"]
[EventDate "2020.01.04"]
[EventType "swiss"]
[EventCountry "UAE"]
[SourceTitle "playchess.com"]
[Source "ChessBase"]
[SourceQuality "1"]

{[%evp 11,131,34,35,29,20,0,4,0,10,4,17,0,0,0,0,0,15,13,20,30,20,44,54,16,9,0,43,0,20,24,40,0,0,0,178,155,352,340,413,136,143,152,215,187,195,173,201,178,201,204,184,183,181,161,179,150,196,195,202,197,230,91,189,122,226,223,222,222,222,222,224,222,223,233,233,226,232,204,225,226,218,187,205,206,228,218,231,232,241,241,241,241,305,305,353,341,439,436,797,797,791,787,784,782,774,747,763,627,29957,29956,29950,4902,29974,29975,29976,29977,29977,29978,29984,29985,29986,29987]} 1. d4 Nf6 2. Nf3 e6 3. g3 d5 4. Bg2 Nbd7 5. O-O b5 6. a4 b4 7. c4 {D02: 1 d4 d5 2 Nf3 sidelines, including 2...Nf6 3 g3 and 2...Nf6 3 Bf4} bxc3 8. bxc3 (8. Nxc3 Bb7 9. Bf4 a6 10. Rc1 Rc8 11. b4 h6 12. Rb1 Bd6 13. Bxd6 cxd6 14. Qb3 Nb6 {0-1 (61) Zatonskih,A (2422)-Rodshtein,M (2684) Douglas 2019}) 8... Ba6 9. Nbd2 {The position is equal.} Rb8 10. Re1 Be7 11. e4 Nxe4 12. Nxe4 dxe4 13. Rxe4 O-O 14. Re1 $146 ({Predecessor:} 14. Qe1 Bc4 {½-½ (29) Mueller Clostermann,B (2048)-Liebscher,H (1933) Binz 2013}) 14... Bc4 15. Bf4 Bd6 16. Bg5 Qc8 17. Nd2 (17. Ne5 $5 {[%cal Re5c4]} Bb3 18. Qg4 $14) 17... Bd5 18. Ne4 Bxe4 19. Rxe4 c5 (19... h6 $5 {[%cal Rh6g5]} 20. Bd2 Nf6 $11) 20. Rh4 {Qh5 is the strong threat.} Re8 21. Be3 {Threatening dxc5.} (21. d5 {seems wilder.} Nf8 22. dxe6 Nxe6 23. Be3 Be7 24. Rh5) 21... Be7 22. Rf4 $40 {[%mdl 128] Black needs to defend precisely.} Bf6 $2 (22... c4 $11) 23. dxc5 $1 $18 {Hoping for c6.} Bxc3 $2 (23... Rd8 $16) 24. Rc1 Bb2 25. Rc2 $2 (25. c6 $18 Nf6 26. c7 (26. Bxa7 Bxc1 27. Qxc1 Ra8 $14) 26... Bxc1 27. cxb8=R (27. Qxc1 Rb3 $16) 27... Qxb8 28. Qxc1) 25... Nf6 26. c6 {Threatens to win with c7.} Rd8 (26... Qc7 $16 27. Rfc4 Red8) 27. Qf1 Be5 28. c7 (28. Bxa7 Bxf4 29. gxf4 Rb3 $11) 28... Bxc7 29. Rfc4 (29. Bxa7 $6 Rb3 $16) 29... Ne8 30. Bf4 ({Don't take} 30. Bxa7 Rb3 $16) 30... Rd7 31. Bc6 Bxf4 32. Bxd7 Qxd7 33. Rxf4 Nf6 34. Rfc4 g6 35. a5 Kg7 {[#]} 36. a6 (36. Rc7 $1 $18 {[%cal Rc7d7] and the rest is easy.} Qd4 37. Qe1 (37. R2c4 Qd5 $16)) 36... Qd5 (36... Rb6 $16 {is a better defense.}) 37. Qa1 (37. Rc7 $18) 37... Rd8 (37... Rb5 $16 38. Rc1 Qd2) 38. Rc1 Rd6 39. Rc7 e5 40. R7c5 ({Not} 40. Rxa7 Ne4 $11) 40... Qd3 41. Qxe5 {And now Rc6 would win.} Qxa6 42. Rc7 {Black must now prevent Qe7.} Re6 43. Qc5 Qb6 44. Qc2 a5 45. Rb1 Qd4 46. Rc4 Qd5 47. Qc3 Qf5 48. Ra1 Re5 49. Rf4 Qe6 {intending ...Nd5.} 50. Rxa5 Rxa5 51. Qxa5 {[%mdl 4096] Endgame KQR-KQN} Nd5 52. Qa1+ f6 53. Ra4 Ne7 54. Ra6 Qe5 (54... Qf5 $142 55. h4 Kf7) 55. Qxe5 fxe5 {KR-KN} 56. Re6 Kf7 57. Rxe5 Kf6 58. Ra5 Ke6 59. Kg2 h5 60. h4 Nd5 {[#]} 61. Kf3 (61. Rxd5 $142 $1 Kxd5 62. Kf3 Ke5 63. Ke3 Kf5 64. Kd4 Kf6 65. Ke4 Ke6 66. Kf4) 61... Nf6 62. Kf4 {White mates.} Ng4 63. f3 Nf2 64. Kg5 Nh1 65. Kxg6 Nxg3 66. f4 {Accuracy: White = 68%, Black = 35%.} 1-0

[Event "10th Sharjah Cup Women 2020"]
[Site "Sharjah"]
[Date "2020.01.09"]
[Round "7.6"]
[White "Abdulla, Khayala"]
[Black "Al Maamari, Wafia Darwish"]
[Result "1/2-1/2"]
[WhiteElo "2275"]
[BlackElo "1866"]
[Annotator "TA"]
[PlyCount "125"]
[EventDate "2020.01.04"]
[EventType "swiss"]
[EventCountry "UAE"]
[SourceTitle "playchess.com"]
[Source "ChessBase"]
[SourceQuality "1"]

{[%evp 17,125,10,14,22,27,29,48,37,52,30,60,22,30,22,24,25,43,23,23,22,33,24,18,0,17,0,0,0,23,8,17,38,47,46,39,30,27,12,45,22,58,25,74,0,11,14,212,196,194,106,108,0,0,0,0,0,0,0,0,0,0,-67,-77,-271,-262,-255,-254,-250,-252,-216,-72,-71,-22,-20,-14,-14,-12,-64,-64,-213,-64,-64,-64,-64,-64,-64,-64,-64,-39,-76,-12,-12,-12,-35,-35,-35,-35,-35,-35,-35,-35,-35,-35,-35,-35,-35,0,-35,0,-35]} 1. e4 e5 2. Nf3 Nc6 3. Bb5 a6 4. Ba4 Nf6 5. d3 d6 6. c3 g6 7. O-O Bg7 8. Re1 O-O 9. Nbd2 b5 10. Bc2 {C77: Ruy Lopez: 3...a6 4 Ba4 Nf6, unusual lines} Bb7 11. a4 (11. Nf1 Nb8 12. d4 Nbd7 13. Ng3 Re8 14. a4 c6 15. Be3 Qc7 16. h3 exd4 17. cxd4 c5 {0-1 (65) McShane,L (2640)-Howell,D (2676) London 2017}) 11... Qd7 12. b4 {White is slightly better.} Nh5 $146 ({Predecessor:} 12... Rae8 13. h3 Nh5 14. axb5 axb5 15. Nb3 f5 16. Qe2 fxe4 17. dxe4 Nd8 {0-1 (35) Mikhailina,E (1573)-Levitan,R (1880) Batumi 2016}) 13. Nf1 Ne7 14. Bb3 c5 15. axb5 axb5 16. Rxa8 Bxa8 17. Be3 cxb4 18. cxb4 h6 19. Qd2 Kh7 20. Ra1 Nc6 21. Bd5 Nf6 22. Bb3 Ng4 23. h3 Nf6 24. Ng3 d5 25. Bc5 Rd8 26. Qe2 $36 {[%mdl 2048] Black is under pressure.} Bb7 27. Qb2 Re8 28. Rd1 d4 29. Ba2 Bf8 30. Bxf8 (30. Rc1 $1 $16) 30... Rxf8 $11 31. Rc1 Ra8 $2 (31... Qe7 $1 $11) 32. Rc5 $18 Qe7 33. Rxb5 (33. Bd5 $1 $18 {[%cal Rd5c6]} Nd8 34. Bxb7 (34. Rxb5 Nxd5 35. exd5 f6 $16) 34... Qxb7 35. Rxe5 (35. Nxe5 Ne6 $16)) 33... Ra4 $16 {[%cal Ra4b4]} 34. Bc4 (34. Qb3 $1 $16 {[%cal Rb3a4]} Rxb4 35. Rxb4 Nxb4 36. Nxe5 $1 {[%mdl 512]}) 34... Ba6 $11 35. Rb6 Bxc4 36. Rxc6 Bxd3 37. Qb3 Ra1+ 38. Kh2 Bxe4 {[#]} 39. Nxe4 (39. Rxf6 $1 $11 {[%mdl 512]} Qxf6 40. Nxe4 Qf4+ 41. Ng3) 39... Nxe4 $15 40. Qd5 $2 (40. Qb2 $17 {was forced.} Ra7 41. b5) 40... Nxf2 $19 41. Qxe5 Rh1+ 42. Kg3 Qxe5+ $1 43. Nxe5 {[%mdl 4096] Endgame [#] KRN-KRN} Ne4+ (43... d3 $1 $19 {is more deadly.} 44. Kxf2 d2) 44. Kf4 $17 Ng5 45. Nd3 Rd1 46. Nc5 d3 47. Rd6 (47. Ke3 $11) 47... d2 $15 {Hoping for ...Rf1+.} 48. Kg3 {[#]} (48. Ke3 $15) 48... Rb1 (48... Nxh3 $1 $19 {[%mdl 512] Threatens to win with ...Ng5.} 49. Rd7 (49. gxh3 Rg1+) 49... Ng5) 49. Rxd2 Rxb4 {And now ...Rb5 would win.} 50. h4 Ne4+ 51. Nxe4 Rxe4 {KR-KR} 52. Kh3 Kg7 53. Rd6 g5 (53... h5 $17) 54. hxg5 $11 hxg5 55. Kg3 f6 56. Kf3 Rf4+ 57. Kg3 Kg6 58. Rd5 f5 59. Rd6+ Kh5 60. Rd8 Rg4+ 61. Kf3 Rf4+ 62. Kg3 Rg4+ 63. Kf3 {Accuracy: White = 44%, Black = 46%.} 1/2-1/2

[Event "10th Sharjah Cup Women 2020"]
[Site "Sharjah"]
[Date "2020.01.09"]
[Round "7.7"]
[White "Gevorgyan, Irina"]
[Black "Nguyen, Thi Mai Hung"]
[Result "1/2-1/2"]
[WhiteElo "2216"]
[BlackElo "2254"]
[Annotator "TA"]
[PlyCount "87"]
[EventDate "2020.01.04"]
[EventType "swiss"]
[EventCountry "UAE"]
[SourceTitle "playchess.com"]
[Source "ChessBase"]
[SourceQuality "1"]

{[%evp 19,87,17,32,19,16,21,17,16,21,22,19,24,47,39,52,19,19,16,58,36,45,35,40,32,36,35,38,37,43,37,37,-3,0,-15,0,-37,-45,-54,0,0,0,-52,-18,-25,0,0,-6,0,0,-18,0,0,0,0,0,-20,-20,-16,-18,-18,-18,-18,-25,-38,-40,-36,-12,-16,-16,-8]} 1. Nf3 d5 2. d4 Nf6 3. c4 c6 4. Nc3 e6 5. Bg5 h6 6. Bxf6 Qxf6 7. e3 Nd7 8. Bd3 dxc4 9. Bxc4 g6 10. O-O Bg7 11. Re1 {D43: Semi-Slav: 5 Bg5 h6} O-O 12. e4 e5 {[%cal Re5d4]} 13. d5 Nb6 14. Bb3 Bg4 15. Re3 Rfd8 (15... Rad8 16. h3 Bxf3 17. Rxf3 {1-0 (81) Giri,A (2780)-Duda,J (2730) chess.com INT 2019}) 16. h3 Bd7 17. Rd3 Rac8 $146 ({Predecessor:} 17... Be8 18. a4 Nd7 19. Rd2 Nc5 20. Bc4 a5 21. Qe2 {1-0 (30) Aupi Royo,J (2365)-Kohler,J ICCF email 2012}) 18. dxc6 bxc6 19. Rc1 Qe7 20. Qd2 Be8 21. Rd1 Rxd3 22. Qxd3 Rc7 23. Qa6 Rd7 24. Rxd7 Qxd7 25. a4 Qc7 26. Ba2 Bf8 27. Ne1 Nd7 28. Qc4 Nb6 29. Qa6 Nd7 30. Qc4 Qb6 31. Nd3 a5 32. Ne2 {[%cal Bc3e2,Be2c1,Bc1d3][%mdl 32]} Bd6 33. h4 h5 34. g3 Nc5 {White should prevent ...Nxd3.} 35. Nec1 Kf8 36. Kg2 Ke7 37. Nxc5 (37. Bb3 {is interesting.} Kf6 38. Ba2 Kg7 39. Kf1 Nxd3 40. Nxd3 Kf6 41. Ke2) 37... Qxc5 38. Nd3 Qxc4 39. Bxc4 $11 {KBB-KBN} f5 40. f3 Bd7 41. Kf2 fxe4 42. fxe4 Kf6 43. Kg2 Bc8 44. b3 {Accuracy: White = 57%, Black = 71%.} 1/2-1/2

[Event "10th Sharjah Cup Women 2020"]
[Site "Sharjah"]
[Date "2020.01.09"]
[Round "7.8"]
[White "Michelle Catherina, P."]
[Black "Kubicka, Anna"]
[Result "1/2-1/2"]
[WhiteElo "2143"]
[BlackElo "2258"]
[Annotator "TA"]
[PlyCount "118"]
[EventDate "2020.01.04"]
[EventType "swiss"]
[EventCountry "UAE"]
[SourceTitle "playchess.com"]
[Source "ChessBase"]
[SourceQuality "1"]

{[%evp 12,118,20,0,-4,-27,-9,-29,-31,-58,-54,-117,-95,-130,-123,-116,-107,-116,-121,-104,-55,-59,-33,-109,-97,-239,-241,-236,-178,-172,-189,-172,-124,-124,-124,-124,-124,-124,-112,-166,-166,-167,-159,-159,-111,-159,-105,-102,-102,-104,-91,-83,-54,-55,-61,-75,-41,-43,0,0,0,0,0,0,0,0,0,0,0,0,0,0,0,0,0,0,0,0,0,0,0,0,0,0,0,0,0,0,0,0,0,0,0,0,0,0,0,0,0,0,0,0,0,0,0,0,0,0,0]} 1. e4 c5 2. Nf3 d6 3. d4 cxd4 4. Nxd4 Nf6 5. Nc3 a6 6. h3 e5 7. Nb3 Be7 {B90: Sicilian Najdorf: Unusual White 6th moves, 6 Be3 Ng4 and 6 Be3 e5} 8. f4 (8. g4 h6 9. Be3 b5 10. a4 bxa4 11. Rxa4 Bd7 12. Ra1 Nc6 13. Nd5 O-O 14. Nb6 Rb8 15. Nxd7 Qxd7 {½-½ (57) So,W (2760)-Carlsen,M (2870) Kolkata 2019}) 8... Nbd7 9. Be3 b5 {[%cal Bb7b5,Bb5b4][%mdl 32] Black has an edge.} 10. Qf3 Bb7 11. O-O-O (11. Bd3 $15) 11... Rc8 $146 ({Predecessor:} 11... O-O 12. g4 b4 13. Nd5 Nxd5 14. exd5 a5 15. Kb1 {0-1 (58) Fernandez Lledo,J (2253)-Cao Armillas,J (2044) Collado Villalba 2019}) 12. Bd2 Qc7 {aiming for ...Nxe4!} 13. Bd3 b4 $1 {[%cal Rb4c3]} 14. Nd5 Nxd5 15. exd5 Nf6 {Threatens to win with ...e4!} 16. Kb1 Bxd5 17. Qg3 (17. Qe2 $1 $15) 17... O-O 18. Bf5 {[#]} (18. fxe5 $17 Ne4 19. Qe3 Nxd2+ 20. Rxd2) 18... Be4 $1 $19 {[%cal Re4f5]} 19. Bxc8 Bxc2+ ({Stronger than} 19... Qxc8 20. Rc1 $11) 20. Ka1 {Strongly threatening Bg4.} Bxd1 ({Weaker is} 20... Qxc8 21. Rc1 $11) 21. Rxd1 Ne4 22. Qe3 Nxd2 23. Bxa6 Nxb3+ 24. Qxb3 exf4 25. Bc4 {[#]} (25. Qc4 $17 Qa7 26. Bb5) 25... Bf6 $1 26. Qd3 Qc5 {Hoping for ...Rc8.} 27. Kb1 Qe5 {[%csl Gf6][%cal Re5b2]} 28. Qd2 Rc8 (28... Re8 $142 29. Bb3 g6) 29. Re1 $17 Qf5+ ({Much weaker is} 29... Rxc4 $6 30. Rxe5 dxe5 31. Qd5 $11) 30. Bd3 Qg5 {[#]} 31. Qc2 $1 {[%mdl 512]} Qc5 (31... Rxc2 32. Re8#) 32. Bxh7+ Kf8 {White must now prevent ...g6.} 33. Bf5 Qxc2+ (33... Ra8 {feels hotter.} 34. Qxc5 dxc5 35. Bd3 g5 36. Bc4 Bd4) 34. Bxc2 Re8 35. Rxe8+ {The position is equal.} Kxe8 $11 {[%mdl 4096] Endgame KB-KB} 36. Bb3 Bd4 37. a3 bxa3 38. bxa3 f6 39. Kc2 Kd7 40. Kd3 Bb2 41. Ke4 g5 42. a4 Kc6 43. Bf7 Kc5 44. Be6 Bc3 45. Bf7 Be5 46. Be6 Kb4 47. Bd7 Kc4 48. Be6+ Kc5 49. Bf7 Bc3 50. Be6 Ba5 51. Bf7 Bd8 52. Be6 Bb6 53. Bf7 Ba5 54. Be6 Bd8 55. Bf7 Bc7 56. Be6 Bd8 57. Bf7 Ba5 58. Be6 Bc7 59. Bf7 Ba5 {Accuracy: White = 67%, Black = 65%.} 1/2-1/2

[Event "10th Sharjah Cup Women 2020"]
[Site "Sharjah"]
[Date "2020.01.09"]
[Round "7.9"]
[White "Soyunlu, Narmin"]
[Black "Gong, Qianyun"]
[Result "0-1"]
[WhiteElo "2020"]
[BlackElo "2371"]
[Annotator "TA"]
[PlyCount "112"]
[EventDate "2020.01.04"]
[EventType "swiss"]
[EventCountry "UAE"]
[SourceTitle "playchess.com"]
[Source "ChessBase"]
[SourceQuality "1"]

{[%evp 14,112,14,12,23,3,30,18,26,0,27,-10,0,-18,-23,-21,-25,-42,-7,-1,-6,-72,-66,-68,-76,-86,-97,-89,-101,-116,-106,-162,-172,-370,-340,-418,-371,-482,-484,-467,-460,-608,-604,-711,-654,-671,-651,-648,-573,-473,-341,-334,-321,-329,-304,-277,-250,-247,-230,-235,-222,-1014,-999,-29967,-29968,-29968,-29969,-29968,-29969,-29971,-29970,-29974,-29975,-29975,-29976,-29979,-29978,-29978,-29979,-29980,-29981,-29981,-29982,-29982,-29983,-29984,-29985,-29985,-29985,-29986,-29987,-29987,-29988,-29993,-29994,-29995,-29996,-29996,-29997,-29997,-29998]} 1. d4 Nf6 2. c4 g6 3. g3 d5 4. cxd5 Nxd5 5. Bg2 Bg7 6. e4 Nb6 7. Ne2 c5 8. d5 O-O {D72: Fianchetto Grünfeld: 5 cxd5 Nxd5 6 e4 Nb6 (without Nf3)} 9. O-O Na6 10. Nbc3 e6 {The position is equal.} 11. h3 Re8 12. Kh2 $146 ({Predecessor:} 12. Nf4 e5 13. Nfe2 Nc4 14. b3 Nd6 15. Be3 b6 16. Rb1 Nc7 17. a4 a5 {½-½ (28) Kengis,E (2573)-Schmidt,W (2436) Suwalki 1999}) 12... Bd7 13. dxe6 Bxe6 14. Qxd8 Raxd8 15. Bg5 f6 16. Bf4 g5 17. Be3 (17. Bc1 $1 $11) 17... Nc4 $17 18. Bc1 Nb4 $36 {[%mdl 2048] Black has strong initiative.} 19. b3 Nd2 20. Bxd2 Rxd2 21. e5 fxe5 22. Bxb7 {[#]} (22. Rad1 $17 {might work better.} Red8 23. Nc1) 22... e4 $1 $19 {[%mdl 512]} 23. Rac1 $2 (23. Bxe4 Bf7 24. Rad1 Rxe2 {[%mdl 64] Deflection} 25. Nxe2 Rxe4 26. Rd8+ Re8 27. Rxe8+ Bxe8 28. Rd1) 23... e3 24. Bf3 Rf8 25. Kg2 {[#]} Bxh3+ $1 {[%mdl 576] Deflection} 26. Kxh3 Rxf3 27. Kg2 g4 28. Nf4 {White hopes to continue with Ne4.} Rfxf2+ 29. Rxf2 Rxf2+ 30. Kg1 Bd4 {aiming for ...Rxf4!} 31. Nce2 Nxa2 32. Rc4 a5 33. Nxd4 cxd4 34. Rxd4 {[%mdl 4096] Endgame KRN-KRN} Rb2 {Threatens to win with ...Nc3.} 35. Ng2 h5 36. Nxe3 Rxb3 37. Ra4 $2 (37. Kf2) 37... Rxe3 38. Rxa2 Rxg3+ {KR-KR. Black mates.} 39. Kh2 Rh3+ 40. Kg2 Kg7 41. Rxa5 Kg6 42. Ra6+ {[#]} Kg5 $1 43. Ra5+ {[#]} Kh4 $1 44. Rb5 Rg3+ 45. Kh2 Ra3 46. Rb2 g3+ 47. Kg2 Ra4 48. Rb3 Ra2+ 49. Kg1 Kh3 50. Rb1 h4 51. Rc1 Ra4 52. Rb1 Kg4 53. Kh1 h3 54. Kg1 h2+ 55. Kg2 Ra2+ 56. Kh1 Kh3 {Accuracy: White = 27%, Black = 77%.} 0-1